Fill the World Map by Northernmost Tripoints - Statistics

General Stats
  • This quiz has been taken 421 times
  • The average score is 74 of 93
Answers on the Map
Answers color-coded by a green-red scale on the quiz's map according to % correct below.
 
Answer Stats
Country % Correct
Finland
100%
Norway
99%
Sweden
98%
Russia
95%
Belarus
94%
Estonia
94%
Latvia
94%
Lithuania
94%
Poland
94%
Belgium
92%
Germany
92%
Netherlands
92%
Austria
90%
Czech Republic
90%
Slovakia
90%
Moldova
87%
Romania
87%
Bosnia and Herzegovina
86%
Croatia
86%
France
86%
Hungary
86%
Italy
86%
Montenegro
86%
Serbia
86%
Slovenia
86%
Switzerland
86%
Ukraine
86%
Kazakhstan
85%
Kyrgyzstan
85%
Uzbekistan
85%
Albania
84%
Armenia
84%
Azerbaijan
84%
Bulgaria
84%
Georgia
84%
Greece
84%
Kosovo
84%
Macedonia
84%
Turkey
84%
Afghanistan
83%
Algeria
83%
China
83%
Iraq
83%
Jordan
83%
Libya
83%
Syria
83%
Tajikistan
83%
Tunisia
83%
Oman
80%
Saudi Arabia
80%
United Arab Emirates
80%
Bangladesh
78%
India
78%
Myanmar
78%
Belize
77%
Guatemala
77%
Mexico
77%
Burkina Faso
76%
Cambodia
74%
Laos
74%
Mali
74%
Niger
74%
Vietnam
74%
Cameroon
72%
Eritrea
72%
Ethiopia
72%
Sudan
72%
Chad
71%
Nigeria
70%
Guinea
69%
Guinea-Bissau
69%
Senegal
69%
Brazil
68%
Central African Republic
68%
D. R. Congo
68%
Guyana
68%
Venezuela
68%
South Sudan
67%
Colombia
66%
Ecuador
66%
Peru
66%
Argentina
65%
Bolivia
65%
Kenya
65%
Malawi
65%
Paraguay
65%
Tanzania
65%
Uganda
65%
Mozambique
64%
Zambia
64%
Botswana
63%
South Africa
63%
Zimbabwe
63%
No matching quizzes found
Score Distribution
Percent of People with Each Score
Percentile by Number Answered
Your Score History
You have not taken this quiz